1658 1992 1664 1848 1529 1494 1850 1273 1206 1093 1195 1937 1354 1016 1533 1716 1632 1420 1580 1639 1037 1841 1049 1045 1761 1070 1422 1388 1454 1673 1873 1177 1095 1799 1865 1784 1570 1789 1738 1875 1975 1454 1952 1172 1246 1393 1233 1623 1168 1004 1860 1937 1413 1049 1560 1649 1870 1931 1945 1227 1949 1311 1191 1511 1356 1394 1304 1647 1055 1868 1621 1149 1620 1311 1183 1756 1159 1312 1001 1711 1339 1574 1435 1360 1917 1105 1744 1026 1334 1928 1877 1649 1752 1387 1785 1109 1203 1766 1904 BCNSPRNW ULIB Ver.6.0+V

เปลี่ยนเป็นภาษาไทย

Change to English
 แสดงรายละเอียดบรรณานุกรม
  กลับหน้าหลัก

Brief Record : Get Marc (ISO 2709) : E-mail record : QR code < ปิดหน้าต่าง
LEADER : 00000nam 2200000uu 4500
001    13399125993
003     ULIB
008    171207s2556||||th 000 0 tha d
050 04 ^aBQ4570^bห313ต
100 0  ^aหลวงพ่อปราโมทย์ ปาโมชฺโช
245 10 ^aไตรสิกขา :^bสิ่งสำคัญที่ชาวพุทธต้องเรียน /^cธรรมเทศนาโดย หลวงพ่อปราโมทย์ ปาโมชฺโช
250    ^aพิมพ์ครั้งที่ 1
260    ^aกรุงเทพฯ :^bสำนักพิมพ์ธรรมดา,^c2556
300    ^a91 หน้า :^bภาพประกอบ ;^c21 ซม.
600 07 ^aหลวงพ่อปราโมทย์ ปาโมชฺโช^xเทศนา
650 07 ^aไตรสิกขา
650 07 ^aการปฏิบัติธรรม
650 07 ^aพระวินัย
945    ^p0^l0^i003417
999    ^aประนอม เกษจรัล
รายการนี้ยังไม่มีแท็ก
คุณยังไม่ได้ล็อกอิน คุณสามารถมีกิจกรรมร่วมกับเว็บไซต์ได้ แต่ต้องล็อกอินก่อน ::
  ล็อกอิน

รายการสื่อสารสนเทศ

ลำดับที่ ประเภท เลขเรียก/บาร์โค้ด สถานที่ สถานะ
1. การศึกษาทั่วไป
การศึกษาทั่วไป
BQ4570 ห313ต ฉ.1 
  Barcode: 003417
ห้องสมุดวิทยาเขตสวรรค์ประชารักษ์
►หนังสือทั่วไป
บนชั้น

รายการใกล้เคียง
    ผู้แต่ง [หลวงพ่อปราโมทย์ ปาโมชฺโช]

    หัวเรื่อง [การปฏิบัติธรรม]

BibComment


ยังไม่เคยถูกคอมเมนท์

คอมเมนท์ทรัพยากรรายการนี้
  คอมเมนท์: ไตรสิกขา สิ่งสำ..


 Copyright 2026. Bcnsprnw @Library